[Event "Thailand Pattaya Open 2018"]
[Site "Pattaya"]
[Date "2018.10.30"]
[Round "8"]
[White "Saptarshi, Roy"]
[Black "Kongsee, Uaychai"]
[Result "1-0"]
[WhiteElo "2496"]
[BlackElo "2245"]
[Annotator "TA"]
[PlyCount "47"]
[EventDate "2018.10.24"]
[EventType "swiss"]
[EventCountry "THA"]
[SourceTitle "playchess.com"]
[Source "ChessBase"]
[SourceQuality "1"]

{[%evp 23,47,64,54,9,16,7,16,-56,64,6,266,266,263,267,271,260,621,582,748,360,358,369,349,355,335,327]} 1. d4 f5 2. e4 fxe4 3. Nc3 Nf6 4. Bg5 Nc6 5. d5 Ne5 6. Qd4 Nf7 7. h4 c6 8. O-O-O Qb6 {A83: Dutch Defence: Staunton Gambit with 3 Nc3 Nf6 4 Bg5} 9. Bxf6 gxf6 10. Qxe4 Qxf2 11. Nf3 Bh6+ (11... f5 12. Qxf5 Qe3+ 13. Kb1 d6 14. Qd3 Qxd3 15. Bxd3 Bg7 16. Ng5 {0-1 (38) Del Rio de Angelis,S (2522)-Vallejo Pons,F (2713) Linares 2016}) 12. Kb1 Qe3 {LiveBook: 11 Games} 13. Qb4 {[%mdl 1024] [#] Strongly threatening dxc6. White has compensation.} a5 14. Qb3 a4 $146 ({Predecessor:} 14... Qf4 15. dxc6 bxc6 16. Bc4 {0-1 (36) Moreno Sanchis,J (2365)-Gual Pascual,A (2390) Barcelona 1996}) 15. Qa3 (15. Qb4 $11 Qf4 16. Nd4) 15... Ra5 (15... Bf8 $15) 16. Nd4 (16. Re1 $14 Qc5 17. Qxc5 Rxc5 18. Nxa4) 16... d6 $2 {[%mdl 8192] [#]} ({But not} 16... cxd5 $2 17. Qb4 $18) (16... Qe5 $11 {and Black has nothing to worry.}) 17. dxc6 bxc6 18. Nxc6 Rc5 19. Bb5 Rxb5 $2 (19... O-O 20. Qxa4 Qe6) 20. Rhe1 $18 ({Not} 20. Nxb5 Qxa3 21. Nxa3 (21. bxa3 Ne5 $11) 21... Ne5 $14) 20... Qc5 21. Nxb5 (21. Rxe7+ $142 Kf8 22. Nxb5 Qxb5 23. Rxd6) 21... Qxc6 22. Nxd6+ $1 Nxd6 23. Rxd6 Qb7 24. Qxa4+ {Precision: White = 43%, Black = 31%.} 1-0

[Event "Thailand Pattaya Open 2018"]
[Site "Pattaya"]
[Date "2018.10.30"]
[Round "8"]
[White "Laylo, Darwin"]
[Black "Tran, Tuan Minh"]
[Result "1/2-1/2"]
[WhiteElo "2427"]
[BlackElo "2506"]
[Annotator "TA"]
[PlyCount "48"]
[EventDate "2018.10.24"]
[EventType "swiss"]
[EventCountry "THA"]
[SourceTitle "playchess.com"]
[Source "ChessBase"]
[SourceQuality "1"]

{[%evp 18,48,22,0,-2,-11,-19,-25,-25,-22,-17,-20,20,22,14,14,19,25,22,0,42,22,34,0,0,12,21,22,37,0,56,0,155]} 1. d4 Nf6 2. c4 e6 3. Nf3 b6 4. a3 Ba6 5. Qc2 Bb7 6. Nc3 c5 7. dxc5 bxc5 8. Bf4 d6 9. Rd1 {E12: Queen's Indian: Unusual White 4th moves, 4 a3, 4 Nc3 Bb7 5 a3 and 4 Nc3 Bb7} Qb6 10. e3 {LiveBook: 15 Games} Nh5 $146 ({Predecessor:} 10... Be7 11. Be2 O-O 12. O-O Rd8 13. Rd2 Nbd7 14. Rfd1 Nf8 15. Ng5 Rd7 16. Bf3 Bxf3 17. Nxf3 {½-½ (60) Sasikiran,K (2661)-Zhigalko,S (2562) Khanty-Mansiysk 2007}) 11. Bg3 Nd7 {[%cal Bb8d7,Bd7f6,Bf6g4][%mdl 32]} 12. Be2 Rb8 13. Rd2 Nxg3 14. hxg3 Nf6 15. g4 Nxg4 16. Rxh7 Rg8 17. Ng5 Nf6 18. Bf3 Bc8 19. Rh1 Be7 20. Nge4 Nxe4 21. Qxe4 Kf8 22. Qf4 g5 23. Qh2 Ba6 ({Black should try} 23... Bf6 $11) 24. Be2 (24. Qh6+ $1 $14 Ke8 25. Qh7) 24... Ke8 $2 {Precision: White = 40%, Black = 40%.} (24... Bf6 $1 $11) 1/2-1/2

[Event "Thailand Pattaya Open 2018"]
[Site "Pattaya"]
[Date "2018.10.30"]
[Round "8"]
[White "Nguyen, Huynh Minh Huy"]
[Black "Salvador, Louie"]
[Result "1-0"]
[WhiteElo "2410"]
[BlackElo "2192"]
[Annotator "TA"]
[PlyCount "79"]
[EventDate "2018.10.24"]
[EventType "swiss"]
[EventCountry "THA"]
[SourceTitle "playchess.com"]
[Source "ChessBase"]
[SourceQuality "1"]

{[%evp 21,79,6,3,16,17,12,27,18,40,27,40,33,58,57,47,55,39,52,96,61,85,68,60,37,52,26,166,22,30,26,17,0,6,2,22,12,256,254,392,140,485,-395,1144,1132,1299,425,1272,95,1479,455,664,-60,911,-8,857,555,1736,1692,1727,956]} 1. d4 d5 2. c4 c6 3. Nf3 Nf6 4. Nc3 e6 5. Bg5 dxc4 6. a4 Bb4 7. e4 Qa5 8. Bd2 {D44: Semi-Slav: Botvinnik System} c5 9. Bxc4 cxd4 10. Nxd4 O-O 11. Qe2 (11. Nc2 Nc6 12. Nxb4 Qxb4 13. b3 Qe7 14. O-O Rd8 15. Re1 Ne5 {1-0 (60) Nakamura,H (2791)-Giri,A (2769) Saint Louis 2016 CBM 174 [Krasenkow,M]}) 11... Nc6 {LiveBook: 3 Games} 12. Nxc6 bxc6 13. O-O {[#]} Rd8 $146 ({Predecessor:} 13... Bb7 14. Rfd1 Nd7 15. Na2 Bxd2 16. Qxd2 Qxd2 17. Rxd2 {1-0 (73) Sriram,J (2497)-Sundararajan,K (2516) Mumbai 2009}) 14. Rfd1 Bb7 15. e5 Nd5 {[%cal Rd5c3]} 16. Ne4 Bxd2 17. Qxd2 Qxd2 18. Rxd2 Nb6 19. Bd3 Nd7 20. f4 c5 21. Nd6 Bd5 22. Bb5 Nf8 23. Rc1 g5 (23... Ng6 $11) 24. Rxc5 (24. fxg5 $18 {Hoping for Rf2.} a6 25. Be2) 24... gxf4 $11 25. Rc7 $36 {[%mdl 2048] Black is under pressure.} a6 $1 {[%cal Ra6b5]} 26. Bd3 Rd7 27. Rc3 f6 28. Nc8 {Strongly threatening Nb6.} fxe5 $2 (28... Rb8 $1 $11 {and Black is okay.}) 29. Nb6 $1 $18 {[%csl LRa8,LRd7]} e4 {[#]} (29... a5 $142 30. Nxa8 Bxa8) 30. Be2 $2 ({But not} 30. Nxd7 Nxd7 31. Bxe4 Nf6 $18) (30. Nxa8 Bxa8 31. Bxe4 (31. Rc8 Bb7 $17) 31... Bxe4 $15) (30. Bxe4 $1 $18 {[%mdl 512] is more deadly.} Bxe4 31. Nxd7 Nxd7 32. Rxd7) 30... a5 $2 {[%mdl 8192]} (30... e3 $16 {is more resistant.} 31. Rxd5 Rxd5) 31. Rc8 $4 {[%mdl 8192]} (31. Nxa8 $18 e3 32. Rd4) 31... Rc7 $4 {[%mdl 8192]} (31... Rxc8 $19 32. Nxc8 e3) 32. Rxc7 e3 33. Rc5 (33. Rxd5 $142 {White wants to mate with Rg5+.} exd5 34. Nxa8) 33... Kf7 (33... exd2 $142 34. Rxd5 (34. Nxd5 exd5 35. Rxd5 Kg7 $16) 34... exd5) 34. Rxa5 $2 {[#]} (34. Rdxd5 $18 exd5 35. Nxa8) 34... Ke7 $2 {[%mdl 8192]} (34... Rxa5 $16 35. Rd4 Rc5) 35. Rb5 (35. Rdxd5 $142 Rxa5 36. Rxa5) 35... Bc6 (35... exd2 $142 36. Rxd5 (36. Nxd5+ exd5 37. Rxd5 Rxa4 $16) 36... Rb8) 36. a5 $2 (36. Nxa8 $18 exd2 37. Ra5) 36... Ng6 $2 {[%mdl 8192]} (36... Bxb5 $15 37. Nxa8 exd2) 37. a6 $2 ({Better is} 37. Rc2 $18 Bxb5 38. Nxa8 Bxe2 39. Rxe2) 37... Nh4 $2 {[%mdl 8192]} (37... Bxb5 $11 38. Rd7+ Bxd7 39. Nxa8 Nh4) 38. Rg5 {White is clearly winning.} e5 39. Rxe5+ Kf6 40. Rh5 {Precision: White = 36%, Black = 23%.} 1-0

[Event "Thailand Pattaya Open 2018"]
[Site "Pattaya"]
[Date "2018.10.30"]
[Round "8"]
[White "Duong, The Anh"]
[Black "Villamayor, Buenaventura"]
[Result "1/2-1/2"]
[WhiteElo "2307"]
[BlackElo "2403"]
[Annotator "RC"]
[PlyCount "117"]
[EventDate "2018.10.24"]
[EventType "swiss"]
[EventCountry "THA"]
[SourceTitle "playchess.com"]
[Source "ChessBase"]
[SourceQuality "1"]
[TimeControl "5400+30"]

1. d4 {[%emt 0:00:00]} e6 {[%emt 0:00:55]} 2. Nf3 {[%emt 0:00:19]} c5 {[%emt 0:02:59]} 3. c3 {[%emt 0:06:14]} Nf6 {[%emt 0:00:48]} 4. Bg5 {[%emt 0:00:31]} h6 {[%emt 0:01:01]} 5. Bh4 {[%emt 0:00:42]} cxd4 {[%emt 0:03:10]} 6. Nxd4 {[%emt 0:05:17]} Be7 {[%emt 0:02:38]} 7. Nd2 {[%emt 0:01:10]} d5 {[%emt 0:02:01]} 8. e3 {[%emt 0:01:19]} O-O {[%emt 0:01:25]} 9. Bg3 {[%emt 0:00:27]} Nbd7 {[%emt 0:03:47]} 10. Be2 {[%emt 0:02:26]} Re8 {[%emt 0:05:23]} 11. O-O {[%emt 0:01:48]} Nc5 {[%emt 0:08:06]} 12. c4 {[%emt 0:08:27]} Nfe4 {[%emt 0:10:55]} 13. Nxe4 {[%emt 0:01:08]} Nxe4 {[%emt 0:00:04]} 14. cxd5 {[%emt 0:01:47]} Nxg3 {[%emt 0:00:42]} 15. hxg3 {[%emt 0:00:09]} Qxd5 {[%emt 0:03:23]} 16. Bf3 {[%emt 0:04:46]} Qa5 {[%emt 0:05:21]} 17. Qc2 {[%emt 0:04:03]} Rb8 {[%emt 0:11:36]} 18. Rfd1 {[%emt 0:05:03]} Qb6 {[%emt 0:22:11]} 19. Rac1 {[%emt 0:04:47]} Rd8 {[%emt 0:02:12]} 20. Qb3 {[%emt 0:11:54]} Qxb3 {[%emt 0:00:46]} 21. Nxb3 {[%emt 0:00:19]} Rxd1+ {[%emt 0:00:45]} 22. Rxd1 {[%emt 0:01:03]} Kf8 {[%emt 0:00:42]} 23. Na5 {[%emt 0:00:44]} Ke8 {[%emt 0:01:19]} 24. Nc4 {[%emt 0:00:54]} Bd7 {[%emt 0:03:59]} 25. Nd6+ {[%emt 0:05:29]} Bxd6 {[%emt 0:00:06]} 26. Rxd6 {[%emt 0:00:08]} b6 {[%emt 0:02:17]} 27. Bc6 {[%emt 0:08:42]} Bxc6 {[%emt 0:00:11]} 28. Rxc6 {[%emt 0:00:06]} Rd8 {[%emt 0:00:04]} 29. Rc2 {[%emt 0:04:46]} Rd1+ {[%emt 0:00:03]} 30. Kh2 {[%emt 0:00:08]} h5 {[%emt 0:00:09]} 31. g4 {[%emt 0:01:23]} hxg4 {[%emt 0:00:29]} 32. Kg3 {[%emt 0:00:07]} f5 {[%emt 0:01:07]} 33. Kf4 {[%emt 0:01:03]} Kd7 {[%emt 0:01:53]} 34. Kg5 {[%emt 0:01:10]} Rg1 {[%emt 0:00:31]} 35. g3 {[%emt 0:00:32]} Rg2 {[%emt 0:00:08]} 36. Rd2+ {[%emt 0:02:01]} Ke7 {[%emt 0:00:33]} 37. Kg6 {[%emt 0:01:50]} a5 {[%emt 0:01:17]} 38. b3 {[%emt 0:01:49]} Rh2 {[%emt 0:00:35]} 39. Kg5 {[%emt 0:03:32]} b5 {[%emt 0:01:04]} 40. Kg6 {[%emt 0:01:13]} a4 {[%emt 0:00:37]} 41. bxa4 {[%emt 0:00:24]} bxa4 {[%emt 0:00:01]} 42. a3 {[%emt 0:00:24]} Rg2 {[%emt 0:01:15]} 43. Kg5 {[%emt 0:00:10]} Rg1 {[%emt 0:00:22]} 44. Rd4 {[%emt 0:01:32]} Rf1 {[%emt 0:01:12]} 45. Rxa4 {[%emt 0:04:13]} Rxf2 {[%emt 0:00:05]} 46. e4 {[%emt 0:01:05]} g6 {[%emt 0:01:16]} 47. Kxg6 {[%emt 0:04:16]} f4 {[%emt 0:01:08]} 48. e5 {[%emt 0:00:46]} fxg3 {[%emt 0:00:55]} 49. Rxg4 {[%emt 0:00:10]} g2 {[%emt 0:00:08]} 50. Rg3 {[%emt 0:02:08]} Kd7 {[%emt 0:00:34]} 51. Kh5 {[%emt 0:00:28]} Kc6 {[%emt 0:00:34]} 52. Kh4 {[%emt 0:00:29]} Kd5 {[%emt 0:00:36]} 53. Kh3 {[%emt 0:00:24]} Ra2 {[%emt 0:00:11]} 54. Rxg2 {[%emt 0:00:41]} Rxa3+ {[%emt 0:00:02]} 55. Kg4 {[%emt 0:00:19]} Re3 {[%emt 0:01:18]} 56. Kf4 {[%emt 0:00:25]} Re4+ {[%emt 0:00:02]} 57. Kf3 {[%emt 0:00:11]} Kxe5 {[%emt 0:00:19]} 58. Ra2 {[%emt 0:00:28]} Kf5 {[%emt 0:00:54]} 59. Ra5+ {[%emt 0:00:27] Ke5 Kxe4+*} 1/2-1/2

[Event "Thailand Pattaya Open 2018"]
[Site "Pattaya"]
[Date "2018.10.31"]
[Round "9"]
[White "Pourramezanali, Amirreza"]
[Black "Saptarshi, Roy"]
[Result "1-0"]
[WhiteElo "2533"]
[BlackElo "2496"]
[Annotator "TA"]
[PlyCount "115"]
[EventDate "2018.10.24"]
[EventType "swiss"]
[EventCountry "THA"]
[SourceTitle "playchess.com"]
[Source "ChessBase"]
[SourceQuality "1"]

{[%evp 28,115,10,16,48,0,6,0,0,0,0,0,17,0,40,48,97,95,93,35,62,23,45,44,60,0,114,114,113,113,134,122,124,122,128,113,129,114,145,128,216,201,209,207,388,372,516,499,481,503,487,458,487,292,287,272,281,18,0,19,122,106,81,81,81,81,300,300,240,0,210,137,212,204,362,333,472,460,1015,999,927,890,2018,1591,29980,29960,29985,29986,29989,29990]} 1. d4 d5 2. Nf3 e6 3. c4 c6 4. Nc3 dxc4 5. a4 Bb4 6. e3 b5 7. Bd2 a5 8. axb5 Bxc3 9. Bxc3 cxb5 10. b3 Bb7 11. bxc4 b4 12. Bb2 Nf6 13. Bd3 O-O 14. O-O Nbd7 {[%cal Bb8d7,Bd7c5,Bc5e4,Be4d2][%mdl 32]} 15. Nd2 {LiveBook: 173 Games} Nc5 {[#] D31: Queen's Gambit Declined: Semi-Slav without ...Nf6 (+ Marshall Gambit and Noteboom) and Exchange Variation lines without ...Nf6} (15... e5 16. d5 Re8 17. f4 Qe7 18. Bc2 Qd6 19. Kh1 e4 20. Ba4 Rec8 21. Bxd7 Nxd7 22. Qg4 Nf6 23. Nxe4 Nxg4 24. Nxd6 Nxe3 {½-½ (44) Lenderman,A (2626)-Tomashevsky,E (2744) Doha 2015}) 16. Be2 $146 (16. Bc2 {is more complex.} Nce4 17. f3 Nxd2 18. Qxd2 Qc7 19. Rfc1) ({Predecessor:} 16. Bc2 Nce4 17. f3 Nxd2 18. Qxd2 Ba6 19. Bd3 Bb7 20. Rfc1 Qe7 21. c5 Bc6 22. Bc2 Rfb8 23. Ba4 {1-0 (39) Yevseev,D (2540)-Kashtanov,R (2392) St Petersburg 2002}) 16... Nce4 17. f3 Nxd2 $1 {The position is equal.} 18. Qxd2 Qe7 19. e4 e5 20. dxe5 Nd7 21. Qd6 $36 {[%mdl 2048] White has some pressure.} Rfe8 22. Rfd1 Qxd6 23. exd6 (23. Rxd6 $16 Nc5 24. Rb6) 23... a4 24. Bd4 Bc6 25. c5 Ra5 26. Rdc1 ({Better is} 26. Rac1 $14) 26... b3 (26... Rb8 $1 $11) 27. Bb2 $16 Rb8 28. Rc3 Kf8 29. Ba3 Ke8 30. Kf2 Nf8 31. Ke3 Kd7 32. f4 Re8 33. Rc4 f5 (33... Ne6 $16 34. g3 g6) 34. e5 $1 $18 Rb8 {Strongly threatening ...b2.} 35. Rb1 Ne6 $2 {[#]} (35... h5 {might work better.} 36. Bxh5 g6) 36. g4 $1 g6 37. gxf5 gxf5 {[#]} 38. Bd3 $1 Rf8 39. Rg1 Bb5 40. Rc3 (40. Rb4 $142 Bxd3 41. Rb7+ (41. Kxd3 Rxc5 42. Rxa4 Rc2 $16) 41... Kc6 42. Rb6+ Kd5 43. d7 (43. Kxd3 Nxc5+ 44. Kc3 Rc8 $16)) 40... Kc6 41. Rd1 {And now d7! would win.} Rf7 42. Bc4 $2 (42. Rc4 $18) 42... Bxc4 $11 43. Rxc4 Rb7 (43... Rg7 $1 $11) 44. Kd2 $16 Rg7 {With the idea ...Rg2+.} 45. Kc1 Raa7 46. Kb1 h5 $2 (46... Rgb7 $16) 47. Rb4 $18 Rgb7 {White should prevent ...Rxb4.} 48. Rc4 Rg7 $1 49. Rdc1 Rgb7 (49... Ra5 $16 50. Rf1 Raa7) 50. Rg1 Rg7 $2 (50... Rb8 {is a better defense.} 51. d7 Rd8) 51. Rxg7 Nxg7 {[%mdl 4096] Endgame KRB-KRN} (51... Rxg7 $142 52. Rxa4 Kb5) 52. Rb4 {Threatens to win with Rb6+.} Ra6 (52... Rb7 $142 53. Rxa4 (53. Rxb7 Kxb7 54. Bc1 Ne6 $11) 53... Ne6) 53. Rb8 Ne6 54. Re8 Nd4 55. e6 {[%cal Be5e6,Be6e7][%mdl 32]} Nc2 56. Kb2 {White mates.} Ne3 57. Rc8+ Kb5 58. e7 {Precision: White = 75%, Black = 25%.} 1-0

[Event "Thailand Pattaya Open 2018"]
[Site "Pattaya"]
[Date "2018.10.31"]
[Round "9"]
[White "Tran, Tuan Minh"]
[Black "Duong, The Anh"]
[Result "1-0"]
[WhiteElo "2506"]
[BlackElo "2307"]
[Annotator "TA"]
[PlyCount "75"]
[EventDate "2018.10.24"]
[EventType "swiss"]
[EventCountry "THA"]
[SourceTitle "playchess.com"]
[Source "ChessBase"]
[SourceQuality "1"]

{[%evp 15,75,-7,-10,-2,0,-32,-10,-32,0,0,34,32,46,45,59,56,130,132,135,139,150,132,146,151,152,131,134,131,212,206,246,232,235,209,414,370,729,750,731,732,829,764,1006,1002,981,1003,836,781,3697,3663,3396,3309,2342,2289,1642,1122,1156,679,2516,2217,29982,29983]} 1. d4 Nf6 2. c4 e6 3. Nc3 Bb4 4. e3 O-O 5. Bd3 d5 6. Nge2 {[%cal Bg1e2,Be2d4,Bd4c2][%mdl 32]} dxc4 7. Bxc4 c5 8. O-O cxd4 {LiveBook: 42 Games. E48: Nimzo-Indian: Rubinstein: 5 Bd3 d5 including 6 Ne2, but excluding 6 a3} 9. Nxd4 (9. exd4 Nc6 10. a3 Bd6 11. h3 b6 12. Bg5 Bb7 13. d5 exd5 14. Bxd5 Be7 15. Bf3 h6 16. Bf4 Na5 17. Bxb7 Nxb7 18. Rc1 Nc5 19. Nd4 {½-½ (62) Vachier Lagrave,M (2789)-Ding,L (2791) Stavanger 2018}) 9... a6 10. Qb3 Qe7 {Black is slightly better.} 11. a4 $146 ({Predecessor:} 11. Nf3 Nc6 12. a3 Bc5 13. Qc2 b5 14. Bd3 Bb7 15. b4 Bb6 16. Bb2 {0-1 (35) Packa,L (2116)-Jancovic,P (2274) Slovakia 2017}) 11... e5 12. Nc2 Bxc3 13. bxc3 Qc7 14. Ba3 {[%cal Bc1a3,Ba3c5,Bc5b6][%mdl 32]} Rd8 15. Nb4 $36 {[%mdl 2048] White has the initiative.} a5 (15... Re8 $14) 16. Nd5 $16 Nxd5 17. Bxd5 Nc6 18. Rab1 Rd7 19. Bc5 Qd8 20. e4 Qe8 21. f4 {[%cal Bf2f4,Bf4f5,Bf5f6][%mdl 32]} Kh8 (21... exf4 $16 22. Rxf4 Nd8) 22. f5 $18 Nd8 23. f6 Ra6 24. Bb6 {Strongly threatening fxg7+.} Nc6 $2 {[#]} (24... Rd6) 25. Bc4 Ra8 $2 (25... g6 26. Bxa6 bxa6) 26. fxg7+ Kxg7 27. Rf3 Re7 28. Bc5 Re6 29. Rbf1 Nd8 30. Bxe6 Bxe6 31. c4 Rc8 32. Rg3+ Kh8 33. Qf3 {[%cal Rf3f6]} f5 34. exf5 Bxc4 {[#]} 35. Qg4 $1 {[%csl Gg3][%cal Rg4g7][%mdl 512]} Qf7 36. Bd6 Qf6 37. Rc1 Nf7 38. Rxc4 {Precision: White = 60%, Black = 35%.} 1-0

[Event "Thailand Pattaya Open 2018"]
[Site "Pattaya"]
[Date "2018.10.31"]
[Round "9"]
[White "Nguyen, Huynh Minh Huy"]
[Black "Frayna, Janelle Mae"]
[Result "1-0"]
[WhiteElo "2410"]
[BlackElo "2247"]
[Annotator "TA"]
[PlyCount "76"]
[EventDate "2018.10.24"]
[EventType "swiss"]
[EventCountry "THA"]
[SourceTitle "playchess.com"]
[Source "ChessBase"]
[SourceQuality "1"]

{[%evp 22,76,53,53,63,65,70,48,43,50,70,59,53,34,75,77,67,54,78,85,79,75,78,72,72,54,102,102,110,83,83,75,164,78,75,83,81,72,86,68,90,86,95,92,85,86,140,137,142,114,127,83,114,125,91,81,85]} 1. d4 d5 2. c4 e6 3. Nc3 c6 {[%cal Bc7c6,Bc6c5][%mdl 32]} 4. e3 Nf6 5. b3 c5 6. Nf3 Nc6 7. cxd5 exd5 8. Bb2 Bg4 9. dxc5 Bxc5 10. Be2 O-O 11. O-O Re8 12. Rc1 {LiveBook: 15 Games. D32: Tarrasch Defence: Sidelines and lines without g3} Be7 13. Nd4 Be6 $146 ({Predecessor:} 13... Bxe2 14. Ncxe2 Qd7 15. Ng3 Rac8 16. Ndf5 Bd8 17. Rc2 g6 18. Nd4 Ne5 19. Rxc8 Qxc8 {1-0 (53) Arribas Lopez,A (2467)-Silva Rodriguez,J (2102) Madrid 2012}) 14. Nxc6 {White is slightly better.} bxc6 15. Na4 Qd6 16. Bd4 Bf5 17. Bc5 Qd7 18. Bxe7 Rxe7 19. Bd3 Bg4 20. Qc2 Rc8 21. Qc3 Qd6 22. Qc5 Qe5 23. Qd4 Qh5 24. Rc2 Bd7 25. Qf4 ({Of course not} 25. Qxa7 $6 Ng4 $11) 25... Ng4 26. Nc5 Ne5 27. Rfc1 (27. Nxd7 $18 {is more deadly.} Nxd3 {[#]} 28. Rxc6 $1 {[%mdl 512]}) 27... Rce8 $16 28. Be2 Qg6 29. Rd2 Bf5 30. Qg3 Qxg3 31. hxg3 h6 32. b4 Rb8 33. a3 g5 ({Better is} 33... Rb6) 34. Nb3 Bd7 35. Na5 Kg7 {White is better.} 36. Bd1 Be8 37. Rc3 Rb6 38. f4 Ng6 {Precision: White = 63%, Black = 52%.} 1-0

[Event "Thailand Pattaya Open 2018"]
[Site "Pattaya"]
[Date "2018.10.31"]
[Round "9"]
[White "Villamayor, Buenaventura"]
[Black "Laylo, Darwin"]
[Result "1/2-1/2"]
[WhiteElo "2403"]
[BlackElo "2427"]
[Annotator "TA"]
[PlyCount "39"]
[EventDate "2018.10.24"]
[EventType "swiss"]
[EventCountry "THA"]
[SourceTitle "playchess.com"]
[Source "ChessBase"]
[SourceQuality "1"]

{[%evp 24,39,13,0,11,0,-2,0,23,31,29,35,31,10,11,13,22,0]} 1. d4 Nf6 2. Nf3 g6 3. c4 Bg7 4. Nc3 d5 5. cxd5 Nxd5 6. e4 Nxc3 7. bxc3 c5 8. Rb1 O-O 9. Be2 cxd4 10. cxd4 Qa5+ 11. Qd2 Qxd2+ 12. Bxd2 b6 13. Be3 {LiveBook: 3 Games. D85: Exchange Grünfeld: Unusual White 7th moves and lines with 7 Nf3} Bb7 14. Bd3 Rd8 15. Ke2 Nd7 16. Rhc1 Rac8 17. Rxc8 Rxc8 18. Rc1 Rxc1 19. Bxc1 {[#]} e6 $146 ({Predecessor:} 19... Nf6 20. Nd2 Kf8 21. d5 Nd7 22. Bb5 {½-½ (46) Lexa,V (2562)-Cardelli,G (2538) ICCF corr 2004}) 20. Be3 1/2-1/2

[Event "Thailand Pattaya Open 2018"]
[Site "Pattaya"]
[Date "2018.10.31"]
[Round "9"]
[White "Goh, Zi Han"]
[Black "Quizon, Daniel"]
[Result "0-1"]
[WhiteElo "1786"]
[BlackElo "2334"]
[Annotator "TA"]
[PlyCount "54"]
[EventDate "2018.10.24"]
[EventType "swiss"]
[EventCountry "THA"]
[SourceTitle "playchess.com"]
[Source "ChessBase"]
[SourceQuality "1"]

{[%evp 23,54,81,78,5,0,0,0,-50,-20,-54,21,-62,-57,-75,-72,-67,-69,-85,-54,-161,-145,-119,-75,-556,-570,-779,-775,-769,-748,-879,-815,-807,-815]} 1. d4 Nf6 2. c4 g6 3. Nc3 Bg7 4. e4 d6 5. Bd3 O-O 6. Nge2 c5 7. d5 a6 8. a4 e6 9. O-O exd5 10. cxd5 Re8 11. Ng3 {A65: Benoni} Ng4 (11... b6 12. h3 Ra7 13. Bg5 h6 14. Bd2 Nh7 15. f4 h5 16. Kh1 h4 17. Nge2 Nd7 18. Be1 Rc7 {½-½ (75) Jumabayev,R (2605)-Amonatov,F (2615) Batumi 2018}) 12. h3 Ne5 {LiveBook: 4 Partien} 13. f4 (13. Be2 $16) 13... Nxd3 $11 14. Qxd3 Nd7 15. Kh2 $146 ({Vorgänger:} 15. Bd2 Rb8 16. Rae1 b5 17. axb5 axb5 18. b3 {0-1 (32) Janzelj,T (2325)-Stajner,S (2398) Otocec 2016}) 15... Rb8 16. Bd2 Qb6 (16... h5 $15) 17. Rae1 (17. e5 $11) 17... Qxb2 $15 18. Rb1 {[#]} c4 $1 {[%mdl 512]} 19. Qe2 (19. Qxc4 Qxd2) 19... Qc2 20. Rbc1 {[#]} Qd3 $1 {...Sc5 ist eine echte Drohung.} 21. Qf2 {[#]} (21. Qd1 $15) 21... Nc5 $1 $19 {[%cal Rc5b3] Und ...Sb3 würde nun gewinnen.} 22. Be3 {Und weiter mit Tfd1 wäre nett.} Bxc3 23. Rxc3 $4 {[%mdl 8192]} (23. Rfd1 $17 {leistet mehr Widerstand.} Nxe4 24. Nxe4 Qxe4 25. Rxc3) 23... Qxc3 {Schwarz steht klar auf Gewinn.} 24. f5 {Droht stark fxg6.} Nxe4 25. Nxe4 Qe5+ 26. Kh1 Qxe4 27. fxg6 Qxg6 {Precision: Weiß = 32%, Schwarz = 59%.} 0-1